Los franciscanos y su convento de Tlaxcala /

Breve estudio que presenta por un lado la labor misionera de los franciscanos en la región de Tlaxcala durante el siglo XVI; y por otro, la descripción e historia de su antiguo Convento de Nuestra Señora de la Asunción.

Uloženo v:
Podrobná bibliografie
Hlavní autor: Chauvet, Fidel de Jesús (autor)
Médium: Kniha
Jazyk:španělština
Vydání:2a edición
Témata:
Tagy: Přidat tag
Žádné tagy, Buďte první, kdo vytvoří štítek k tomuto záznamu!

MARC

LEADER 00000nam^a2200000^a^4500
001 000371558
005 20250526000000.0
009 20260310115935.183
025 |a Donación Juan Diego Castillo, 1 ejemplar 
037 |a Acervo ITESO - Biblioteca 
041 |a ESP 
082 |a 972. 4703  |b CHA 
100 |a Chauvet, Fidel de Jesús  |e (autor) 
245 1 4 |a Los franciscanos y su convento de Tlaxcala /  |c F.J. Chauvet ; pról. de Desiderio H. Xochitiotzin. 
250 |a 2a edición 
264 |a Tlaxcala, México :  |b editorial no identificada,  |c 1967 
300 |a 32 p., [6] h. ;  |c 30.5 cm. 
336 |a texto  |b txt  |2 rdacontenido 
337 |a sin mediación  |b n  |2 rdamedio 
338 |a volumen  |b nc  |2 rdasoporte 
520 |a Breve estudio que presenta por un lado la labor misionera de los franciscanos en la región de Tlaxcala durante el siglo XVI; y por otro, la descripción e historia de su antiguo Convento de Nuestra Señora de la Asunción. 
649 |a XX 
650 |a Franciscanos en Tlaxcala -  |x Historia -  |x Tema Principal 
650 |a Franciscanos en México -  |x Historia 
650 |a Iglesia Católica en Tlaxcala -  |x Historia 
650 |a Iglesia Católica en México -  |x Historia 
650 |a Monasticismo y Ordenes Religiosas -  |z Tlaxcala -  |x Historia 
650 |a Monasticismo y Ordenes Religiosas -  |z México -  |x Historia 
650 |a Conventos y Monasterios -  |z Tlaxacala -  |x Historia -  |x Tema Principal 
650 |a Conventos y Monasterios -  |z México -  |x Historia 
650 |a Templos Cristianos -  |z Tlaxacala 
650 |a Templos Cristianos -  |z México 
650 |a Arquitectura Religiosa -  |z Tlaxacala -  |x Historia y Crítica 
650 |a Arquitectura Religiosa -  |z México -  |x Historia y Crítica 
650 |a Misiones -  |z Tlaxcala -  |x Historia 
650 |a Misiones -  |z México -  |x Historia 
650 |a Catolicismo -  |z Tlaxcala -  |x Historia 
650 |a Catolicismo -  |z México -  |x Historia 
650 |a Cristianismo -  |z Tlaxcala -  |x Historia 
650 |a Cristianismo -  |z México -  |x Historia 
650 |a Religión -  |z Tlaxcala -  |x Historia 
650 |a Religión -  |z México -  |x Historia 
650 |a Tlaxcala -  |x Historia -  |y Siglo XVI 
650 |a México -  |x Historia -  |y Siglo XVI 
910 |a Fondo Castillo-Martínez 
920 |a Impresos - Libros 
930 |a Libros Antiguos y Raros 
905 |a 108 
901 |a 0500265713  |b IT2  |c LRA  |i D  |u 20250526 
902 |a https://opac.biblio.iteso.mx/vufind/Record/000371558